00734nam a2200253 a 4500001001300000003000900013005001700022008004100039020002300080082001600103100002200119245003500141260004200176300000900218500003500227505001100262650002000273650001600293700002200309902000800331942000700339952011700346999001700463nice12345678IN_TiNIC20260116014047.0100406s2009 graa grp 000 0 eng  a0801027586 c93000a296.09bBOC aBockmuehl, Markus aJewish Law in Gentile Churches aGrand RapidsbBaker Book House c2009 a314p aincludes index and biblioraphy2 abiblio aJudaism-History aJudaism-Law1 aBockmuehl, Markus bSRS cBK 001040708StackRoom-aHMIbHMId2010-04-06g930.00l0o296.09 BOCp023252r2010-04-06v930.00w2010-04-06yBK c13697d13697